BAAN Enterprise Perfomance Manager

Vývoj systémov EIS (Executive Information Systems) - systémy pre vrcholové vedenie. BAAN Enterprice Perfomance Manager. Základné vlastnosti. Práca s informáciami. Profil distribútora.

Gespeichert in:
Bibliographische Detailangaben
1. Verfasser: Vlček, J.
Format: Buchkapitel
Sprache:Tschechisch
Schlagworte:
Tags: Tag hinzufügen
Keine Tags, Fügen Sie das erste Tag hinzu!

MARC

LEADER 00000naa a2200000 4500
001 r028256
005 20230927130018.5
041 0 |a cze 
044 |a CZ 
245 1 0 |a BAAN Enterprise Perfomance Manager  |c J. Vlček 
520 |a Vývoj systémov EIS (Executive Information Systems) - systémy pre vrcholové vedenie. BAAN Enterprice Perfomance Manager. Základné vlastnosti. Práca s informáciami. Profil distribútora. 
610 2 0 |a systémy informačné exekutívne 
610 2 0 |a rozhodovanie 
610 2 0 |a riadenie vrcholové 
610 2 0 |a manažment 
610 2 0 |a programy aplikačné 
610 2 0 |a BAAN Enterprise 
100 1 |a Vlček, J.